Bytová politika vo vybranej krajine EÚ diplomová práca

Na minha lista:
Detalhes bibliográficos
Autor principal: Dudoň, Peter
Autor Corporativo: Národohospodárska fakulta EU. Katedra sociálneho rozvoja a práce
Outros Autores: Konečný, Stanislav
Formato: Livro
Idioma:eslovaco
Publicado em: Bratislava 2015
Tags: Adicionar Tag
Sem tags, seja o primeiro a adicionar uma tag!

MARC

LEADER 00000nbm a2200000 4500
001 0201113
005 20161212095557.9
041 0 |a slo 
044 |a SK 
245 1 0 |a Bytová politika vo vybranej krajine EÚ  |b diplomová práca  |c Peter Dudoň ; školiteľ: Stanislav Konečný 
264 1 |a Bratislava  |c 2015 
300 |a 83 s. 
100 1 |a Dudoň, Peter 
700 1 |a Konečný, Stanislav 
710 2 |a Národohospodárska fakulta EU. Katedra sociálneho rozvoja a práce